Statistics for Terry McLaurin Quiz

Click here to take the quiz!

General Stats

  • This quiz has been taken 16 times
  • The average score is 14 of 26

Answer Stats

HintAnswer% Correct
NFL Team He Plays ForWashington Football Team
100%
NFL Jersey Number17
92%
College Jersey Number83
92%
Receiving TDs In His Rookie Season7
83%
College He AttendedOhio State University
83%
Career Fumbles0
75%
NicknameScary Terry
75%
Most TDs In One Game (NFL)2
67%
Year He Was Drafted In2019
67%
Round He Was Drafted In3rd
67%
QB He Played With In College and the NFLDwayne Haskins, Jr.
67%
Most Catches In One Game10
58%
High School Recruit Level ( _ Star)4-Star
58%
Receiving TDs Through 10/26/202
50%
High School Jersey Number25
50%
100-Yard Games In His Career Through 10/26/205
50%
Subscribe To My YouTube Channel: iRockii !!!okay
50%
Longest Career Reception (yards)75
42%
Receiving Yards In His Rookie Season919
42%
Pick He Was Drafted With76th
33%
High School He AttendedCathedral High School
33%
BirthplaceIndianapolis, Indiana
33%
BirthdaySeptember 15, 1995
33%
Instagram Handle@terry_25
25%
Receiving Yards Through 10/26/20577
8%
Current Salary$681,000
8%

Score Distribution

Percentile by Number Answered

Percent of People with Each Score

Your Score History

You have not taken this quiz